00000000nam 2200000zi 4500
0019.952575
003CaOODSP
00520250820142738
006m     o  d f      
007cr cn|||||||||
008250623e202503##bccabd  ob   f000 0 eng d
020 |a9780660779195
040 |aCaOODSP|beng|erda|cCaOODSP
043 |an-cn-bc
0861 |aFs144-87/2025E-PDF
24500|aRebuilding plan : |bWest Coast of Vancouver Island Chinook, Oncorhynchus tshawystcha, Suuhaa | SȾOḰI | sat'sam.
24610|aWest Coast of Vancouver Island Chinook, Oncorhynchus tshawystcha, Suuhaa | SȾOḰI | sat'sam
24613|iCitation title: |aRebuilding plan : |bWest Coast of Vancouver Island Chinook Salmon, Oncorhynchus tshawystcha, Suuhaa | SȾOḰI | sat'sam
264 1|aVancouver BC : |bFisheries and Oceans Canada = Pêches et océans Canada, |cMarch 2025.
264 4|c©2025
300 |a1 online resource (viii, 47 pages) : |billustrations, maps, graphs.
336 |atext|btxt|2rdacontent
337 |acomputer|bc|2rdamedia
338 |aonline resource|bcr|2rdacarrier
4901 |aRebuilding plan, |x2818-8438
500 |aCover title.
500 |a"Unclassified."
500 |aIssued also in French under title: Plan de rétablissement : Saumon chinook de la côte ouest de l'île de Vancouver, Oncorhynchus tshawystcha, Suuhaa | SȾOḰI | sat'sam.
500 |a"This rebuilding plan was developed through a technical collaboration between West Coast Vancouver Island First Nations and DFO Pacific Region."
500 |a"Date stock was determined to be at or below the limit reference point: November 2024."
500 |a"Date stock was prescribed to the Fish Stocks provisions: April 2022."
500 |a"Date rebuilding plan was approved: March 2025."
504 |aIncludes bibliographical references (pages 46-47).
520 |a"The purpose of this plan is to identify the main rebuilding objectives for West Coast Vancouver Island Chinook salmon, as well as the management measures that will be used to achieve these objectives. This plan provides a common understanding of the basic "rules" for rebuilding the stock(s). This stock is prescribed in the Fishery (General) Regulations (section 69) and thus is subject to section 6.2 of the Fisheries Act and regulatory requirements"--Foreword, page ii.
650 0|aChinook salmon|xConservation|zBritish Columbia|zVancouver Island.
650 0|aWildlife recovery|zBritish Columbia|zVancouver Island.
7101 |aCanada. |bDepartment of Fisheries and Oceans, |eissuing body.
77508|tPlan de rétablissement : |w(CaOODSP)9.952576
830#0|aRebuilding plan,|x2818-8438|w(CaOODSP)9.954324
85640|qPDF|s1.51 MB|uhttps://publications.gc.ca/collections/collection_2025/mpo-dfo/Fs144-87-2025-eng.pdf